Responses for Show #4211 - Monday, December 16, 2002

Contestants

[<< previous game]

Elizabeth Baxter, a college student from Broken Arrow, Oklahoma

Matt Davidson, an insurance adjuster from Fredericksburg, Virginia

Kyle Pope, a software entrepreneur from Odenton, Maryland (whose 1-day cash winnings total $33,200)

[next game >>]

Jeopardy! Round responses

POETRY
CALIFORNIA FOOD FESTIVALS
THINK ABOUT IT
COUNTRIES BY NEWSPAPER
13-LETTER WORDS
A LITTLE R&R
(Alex: A little rock and roll.)
    $200 26
3

Matt
    $200 16
avocado festival

Matt
    $200 9
Juan

Kyle
    $200 21
Mexico

Kyle
    $200 2
hypochondriac

Elizabeth
    $200 1
The Graduate

Elizabeth
    $400 27
free verse

Elizabeth
    $400 17
clams

Kyle
    $400 10
silent

Elizabeth
    $400 22
Ireland

Elizabeth
    $400 3
(Elizabeth: What is a baccalaureate?)

undergraduate

MattElizabeth
    $400 4
The Big Bopper

Kyle
    $600 28
(Alex: You're amazing, Kyle; you keep shaking your head negatively, yet you keep coming up with a correct response!)

ode

Kyle
    $600 18
strawberries

Elizabeth
    $600 13
Gorilla gorilla

Triple Stumper
    $600 23
(Kyle: What is Russia?)

Sweden

Kyle
Triple Stumper
    $600 6
(Elizabeth: What is liability?)

comprehensive

Elizabeth
    $600 5
(Kyle: [No response])

T-Bird

KyleElizabeth
    $800 29
(Kyle: What is "Up?")

"If"

KyleElizabeth
    $800 19
grapes

Elizabeth
    $800 14
(Alex: Son of William I or William the Conqueror.)

William II

Elizabeth
    $800 24
(Alex: With a minute to go.)

South Africa

Elizabeth
    $800 11
sophisticated

Matt
    $800 7
Eric Clapton

Matt
    $1000 30
Sylvia Plath

Elizabeth
    $1000 20
pumpkins

Kyle
    $1000 15
Clown Care Unit

Kyle
    $1000 25
Australia

Matt
    $1000 12
jurisprudence

Kyle
    $1000 8
Don Henley

Matt

Scores at the first commercial break (after clue 14):

Kyle Matt Elizabeth
$1,000 $3,000 $1,200

Scores at the end of the Jeopardy! Round:

Kyle Matt Elizabeth
$2,800 $4,400 $6,000

Double Jeopardy! Round responses

THE NATIONAL MUSEUM OF HEALTH & MEDICINE
(Alex: Which is in Washington, D.C.)
CHOCOLATE-COVERED CINEMA
HISTORY 101
LEONARDO DA VINCI, BUSY GUY
FASHION
A LITTLE "R" & "R"
(Alex: There will be 2-word responses & each word will begin with the letter "R".)
    $400 10
people

Kyle
    $400 13
Romania

Kyle
    $400 18
tank

Kyle
    $400 2
ski boots

Matt
    $400 1
Robert Redford

Elizabeth
    $800 11
Days of Wine and Roses

Elizabeth
    $800 14
Alexandria

Kyle
    $800 19
(Kyle: What is hearing?)
....
(Alex: And we have about a minute left in the round.)

vision/sight

KyleMatt
    $800 4
maxi

Elizabeth
    $800 3
(Kyle: What is a Roy Rogers?)

Rob Roy

KyleElizabeth
    $1200 26
[buzzer sounds to end the round]
....
(Alex: And that does it, so we will not spend much time at the National Museum of Health & Medicine.)

Gettysburg

Elizabeth
    $1200 23
golden ticket

Elizabeth
    $1200 15
Josephus

Elizabeth
    $4,000 20
(Matt: A clock.)

odometer

Matt
    $1200 5
head

Elizabeth
    $1200 7
round robin

Kyle
    $1600 24
Juliette Binoche

Kyle
    $1600 16
(Kyle: What is the Ming?)

Han

Kyle
Triple Stumper
    $1600 21
(Matt: What is Florence?)

Milan

KyleMatt
    $1600 6
lederhosen

Kyle
    $4,800 8
(Kyle: I got nothing.)

Red River

Kyle
    $2000 25
Like Water for Chocolate

Triple Stumper
    $2000 17
Clement

Triple Stumper
    $2000 22
(Kyle: What is an aeroplane?)

ornithopter

Kyle
Triple Stumper
    $2000 12
sharkskin

Kyle
    $2000 9
Rhodesian Ridgeback

Matt

Scores at the end of the Double Jeopardy! Round:

Kyle Matt Elizabeth
$2,800 $2,000 $13,600
(lock game)

[wagering suggestions for these scores]

Final Jeopardy! Round responses

FORTUNE 500 COMPANIES
MattWhat is Gateway?
$1,500
KyleWhat is Gateway
$2,800
ElizabethWhat is Blue Bell ice cream?
$6,500
Gateway

Final scores:

Kyle Matt Elizabeth
$5,600 $3,500 $7,100
2nd place: $2,000 3rd place: $1,000 New champion: $7,100

Game dynamics:

Coryat scores:

Kyle Matt Elizabeth
$7,600 $6,000 $14,200
17 R,
8 W
(including 1 DD)
10 R,
2 W
(including 1 DD)
20 R,
2 W
(including 1 DD)

Combined Coryat: $27,800

[game clues] [game scores] [suggest correction]

Game tape date: 2002-09-18
The J! Archive is created by fans, for fans. Scraping, republication, monetization, and malicious use prohibited; this site may use cookies and collect identifying information. See terms. The Jeopardy! game show and all elements thereof, including but not limited to copyright and trademark thereto, are the property of Jeopardy Productions, Inc. and are protected under law. This website is not affiliated with, sponsored by, or operated by Jeopardy Productions, Inc. Join the discussion at JBoard.tv.